000 00326nam a22001337a 4500
008 181031b xxu||||| |||| 00| 0 eng d
020 _a9780321086679
041 _aeng
080 _25 th
_a316
100 _a50
101 _aSOC
245 _aElementary Social Studies A Practical Guide
_cChapin.j.R
942 _2udc
_cBK
999 _c51264
_d51264